Catálogo
 En Linea

The practical art of diagnostic interviewing / (Registro nro. 15187)

Detalles MARC
000 -CABECERA
campo de control de longitud fija 00858nam a2200265 a 4500
001 - NÚMERO DE CONTROL
campo de control 000015635
005 - FECHA Y HORA DE LA ÚLTIMA TRANSACCIÓN
campo de control 20200929164111.0
008 - DATOS DE LONGITUD FIJA--INFORMACIÓN GENERAL
campo de control de longitud fija 830723s1983 ilua b 001 0 eng
010 ## - NÚMERO DE CONTROL DE LA BIBLIOTECA DEL CONGRESO
Número de control de LC 82073406
020 ## - NÚMERO INTERNACIONAL ESTÁNDAR DEL LIBRO
Número Internacional Estándar del Libro 0870943677
040 ## - FUENTE DE LA CATALOGACIÓN
Centro catalogador/agencia de origen DO-SdBNP
Centro/agencia transcriptor DLC
Centro/agencia modificador DLC
050 00 - SIGNATURA TOPOGRÁFICA DE LA BIBLIOTECA DEL CONGRESO
Número de clasificación RC480.7
Número de documento/Ítem .P37 1983
082 00 - NÚMERO DE LA CLASIFICACIÓN DECIMAL DEWEY
Número de clasificación 616.89/075
Número de edición 19
100 1# - ENTRADA PRINCIPAL--NOMBRE DE PERSONA
Nombre de persona Pascal, Gerald Ross,
Fechas asociadas al nombre 1906-
9 (RLIN) 35229
245 14 - MENCIÓN DE TÍTULO
Título The practical art of diagnostic interviewing /
Mención de responsabilidad, etc. Gerald Ross Pascal.
260 ## - PUBLICACIÓN, DISTRIBUCIÓN, ETC.
Lugar de publicación, distribución, etc. Homewood, Ill. :
Nombre del editor, distribuidor, etc. Dow Jones-Irwin,
Fecha de publicación, distribución, etc. c1983.
300 ## - DESCRIPCIÓN FÍSICA
Extensión vii, 124 p. :
Otras características físicas ill. ;
Dimensiones 24 cm.
440 #4 - MENCIÓN DE SERIE/PUNTO DE ACCESO ADICIONAL--TÍTULO
Título The Dorsey professional series
9 (RLIN) 35230
504 ## - NOTA DE BIBLIOGRAFÍA, ETC.
Nota de bibliografía, etc. Bibliography: p. 121-122.
500 ## - NOTA GENERAL
Nota general Includes index.
650 #0 - PUNTO DE ACCESO ADICIONAL DE MATERIA--TÉRMINO DE MATERIA
Término de materia o nombre geográfico como elemento de entrada Interviewing in mental health.
9 (RLIN) 35231
650 #0 - PUNTO DE ACCESO ADICIONAL DE MATERIA--TÉRMINO DE MATERIA
Término de materia o nombre geográfico como elemento de entrada Psychology, pathological
Subdivisión general Diagnosis.
9 (RLIN) 35232
910 ## - DATOS DE OPCIÓN DEL USUARIO (OCLC)
Datos de opción del usuario Catalogación por copia / LC
910 ## - DATOS DE OPCIÓN DEL USUARIO (OCLC)
Datos de opción del usuario DC
Existencias
Estado de retiro Estado de pérdida Restricciones de uso No para préstamo Código de colección Localización permanente Ubicación/localización actual Ubicación en estantería Fecha de adquisición Número de inventario Total de préstamos Signatura topográfica completa Código de barras Fecha visto por última vez Precio válido a partir de Tipo de ítem Koha
    Préstamo interno   Monografías: Libros y Folletos General General En catalogación 15.02.2010 LF1   616.89/075 15635-10 25.06.2020 25.06.2020 Préstamo interno

Con tecnología Koha